000 00733nam a2200229 a 4500
001 12754
003 BD-JhCC
005 20230510160504.0
008 230510b2020 bg a|||| ||a| 00| 0 ben d
020 _a9789848179109
035 _a(BD-JhCC)12754
040 _aBD-JhCC
_dBD-JhCC
041 _aBengali
082 _a923.1
_bHOS 2020
100 _aহোসেন,মোশারফ
245 _aবঙ্গবন্ধু ও ১৯৭০ সালের সাধারণ নির্বাচন /
_cমোশারফ হোসেন।
260 _aঢাকা :
_bতাম্রলিপি ;
_c২০২০.
300 _a119 p. :
_bill;
_c22 cm.
600 _aBangabondhu
650 _aBiography
942 _2ddc
_cBK
999 _c12754
_d12754